00232nam a22000857a 4500008004100000022001300041245004600054260003800100300000800138240923b |||||||| |||| 00| 0 eng d a09730052 aInternational Journal Of Rural Management aNew DehlibSage Publicationc2024 aEng